[Event "Steyr Landesliga 1718"]
[Site "Austria"]
[Date "2018.03.24"]
[Round "10.5"]
[White "Schmid, David"]
[Black "Matosec, Thomas"]
[Result "0-1"]
[WhiteElo "1797"]
[BlackElo "2117"]
[PlyCount "122"]
[EventDate "2017.09.30"]
[EventType "team-tourn"]
[EventRounds "11"]
[EventCountry "AUT"]
[SourceTitle "EXT 2021"]
[Source "ChessBase"]
[SourceDate "2020.10.23"]
[SourceVersion "1"]
[SourceVersionDate "2020.10.23"]
[SourceQuality "1"]
[WhiteTeam "Spg ISR"]
[BlackTeam "Graz Styria"]
[WhiteTeamCountry "AUT"]
[BlackTeamCountry "AUT"]

1. Nf3 Nf6 2. c4 e6 3. g3 d5 4. Bg2 Be7 5. 0-0 0-0 6. b3 c5 7. e3 Nc6 8. Bb2 d4 9. exd4 cxd4 10. Re1 Re8 11. d3 Bf8 12. Ne5 Qb6 13. Nd2 Nd7 14. f4 Bb4 15. Re2 f6 16. Nxc6 bxc6 17. a3 Bc3 18. Ne4 Bxb2 19. Rxb2 Nc5 20. Nxc5 Qxc5 21. b4 Qd6 22. c5 Qc7 23. b5 Bd7 24. b6 axb6 25. cxb6 Qd6 26. Qb3 Ra5 27. a4 c5 28. b7 Rb8 29. Qb6 Qxb6 30. Rxb6 Kf7 31. Rab1 Ke7 32. Bc6 Kd8 33. R1b5 Rxb5 34. axb5 e5 35. fxe5 fxe5 36. Ra6 Kc7 37. Ra8 Rxb7 38. Bxb7 Kxb7 39. Rg8 Bf5 40. Rxg7+ Kb6 41. Rg5 Bxd3 42. Rxe5 Kxb5 43. Kf2 Kb4 44. Ke1 c4 45. Kd2 Bg6 46. g4 c3+ 47. Kc1 d3 48. Re7 Kc4 49. Rd7 Be4 50. g5 d2+ 51. Kd1 Kb3 52. Rxd2 cxd2 53. Kxd2 Kc4 54. Ke3 Kd5 55. Kf4 Bg6 56. h4 Bh5 57. Kf5 Bg6+ 58. Kf6 Ke4 59. Kg7 Kf5 60. Kh6 Kg4 61. h5 Kf5 0-1

[Event "Steyr Landesliga 1718"]
[Site "Austria"]
[Date "2017.11.11"]
[Round "4.6"]
[White "Schwarz, Christian1"]
[Black "Schmid, David"]
[Result "1/2-1/2"]
[WhiteElo "1920"]
[BlackElo "1797"]
[PlyCount "48"]
[EventDate "2017.09.30"]
[EventType "team-tourn"]
[EventRounds "11"]
[EventCountry "AUT"]
[SourceTitle "EXT 2019"]
[Source "ChessBase"]
[SourceDate "2018.10.10"]
[SourceVersion "1"]
[SourceVersionDate "2018.10.10"]
[SourceQuality "1"]
[WhiteTeam "Graz Schachgesellschaft"]
[BlackTeam "Spg ISR"]
[WhiteTeamCountry "AUT"]
[BlackTeamCountry "AUT"]

1. d4 Nf6 2. Nf3 e6 3. c4 b6 4. Bg5 Be7 5. Nc3 Bb7 6. Bxf6 Bxf6 7. e4 d6 8. Rc1 Nd7 9. Be2 a6 10. 0-0 0-0 11. Qd2 Qe7 12. Ne1 e5 13. dxe5 dxe5 14. Nd5 Bxd5 15. Qxd5 Rad8 16. Qd3 Nc5 17. Qb1 Rd4 18. b4 Nxe4 19. Nf3 Nd2 20. Nxd2 Rxd2 21. Bd3 g6 22. Rce1 Rd8 23. Be4 Qd6 24. a4 c6 1/2-1/2

[Event "Steyr Landesliga 1718"]
[Site "Austria"]
[Date "2017.10.07"]
[Round "2.6"]
[White "Detter, Peter"]
[Black "Schmid, David"]
[Result "1-0"]
[WhiteElo "2003"]
[BlackElo "1797"]
[PlyCount "105"]
[EventDate "2017.09.30"]
[EventType "team-tourn"]
[EventRounds "11"]
[EventCountry "AUT"]
[SourceTitle "CBM 181 Extra"]
[Source "ChessBase"]
[SourceDate "2017.12.12"]
[SourceVersion "1"]
[SourceVersionDate "2017.12.12"]
[SourceQuality "1"]
[WhiteTeam "Frauental Strassenbahn"]
[BlackTeam "Spg ISR"]
[WhiteTeamCountry "AUT"]
[BlackTeamCountry "AUT"]

1. d4 Nf6 2. c4 e5 3. dxe5 Ng4 4. e6 Bb4+ 5. Bd2 Qf6 6. exf7+ Kxf7 7. Nf3 Qxb2 8. Bxb4 Qxb4+ 9. Nbd2 Re8 10. e3 d6 11. Be2 Kg8 12. 0-0 Nc6 13. Ng5 Nf6 14. Nde4 Nxe4 15. Qd5+ Re6 16. Nxe4 Ne7 17. Qh5 g6 18. Qh4 Nf5 19. Qd8+ Kg7 20. Ng3 Rf6 21. Qxc7+ Rf7 22. Qd8 Rf8 23. Qg5 h6 24. Qg4 Kh7 25. Bd3 Qc3 26. Rad1 Qe5 27. h4 Rf6 28. Bxf5 Bxf5 29. Nxf5 Rxf5 30. Rd5 Qf6 31. Rxf5 Qxf5 32. Qxf5 gxf5 33. Rd1 Rd8 34. Rd5 Kg6 35. Kf1 Kf6 36. Ke2 Ke6 37. Kd3 Rg8 38. g3 Rc8 39. Rb5 Rc7 40. Kd4 Rg7 41. a4 Rc7 42. e4 fxe4 43. Rh5 Rf7 44. Rxh6+ Ke7 45. Kxe4 Rxf2 46. Rh7+ Kf6 47. Rxb7 Rg2 48. Kf3 Rc2 49. Rxa7 Rxc4 50. a5 d5 51. a6 Ra4 52. Ra8 Kg7 53. a7 1-0

[Event "Steyr Landesliga 1516"]
[Site "Austria"]
[Date "2016.04.23"]
[Round "11.4"]
[White "Schmid, David"]
[Black "Nuster, Erwin"]
[Result "0-1"]
[WhiteElo "1916"]
[BlackElo "2145"]
[PlyCount "98"]
[EventDate "2015.09.26"]
[EventType "team-tourn"]
[EventRounds "11"]
[EventCountry "AUT"]
[SourceTitle "EXT 2017"]
[Source "ChessBase"]
[SourceDate "2016.10.25"]
[SourceVersion "1"]
[SourceVersionDate "2016.10.25"]
[SourceQuality "1"]
[WhiteTeam "Spg ISR"]
[BlackTeam "Feldbach Kirchberg"]
[WhiteTeamCountry "AUT"]
[BlackTeamCountry "AUT"]

1. Nf3 c5 2. c4 Nc6 3. g3 g6 4. Bg2 Bg7 5. Nc3 d6 6. e3 h5 7. h3 Nh6 8. a3 Qd7 9. Rb1 b6 10. Qa4 Bb7 11. d4 Nf5 12. Ne2 cxd4 13. Nfxd4 Nfxd4 14. Nxd4 Na5 15. Qxd7+ Kxd7 16. Bxb7 Nxb7 17. Ke2 Nc5 18. b3 e5 19. Nc2 a5 20. Rd1 Rhc8 21. a4 Ne4 22. Bb2 Ke6 23. Na3 Rc6 24. Nb5 Bf6 25. Nc3 Nc5 26. Ba3 e4 27. Bxc5 Bxc3 28. Ba3 Rd8 29. Rd5 Be5 30. Rbd1 g5 31. R1d2 f6 32. Bb2 Rc5 33. Ba3 Rxd5 34. Rxd5 f5 35. Rb5 Rb8 36. Bc1 Kd7 37. Bd2 Kc7 38. Kd1 Rh8 39. h4 gxh4 40. gxh4 Rg8 41. Bxa5 bxa5 42. Rxa5 Rg4 43. Ra7+ Kb8 44. Rh7 Rxh4 45. b4 Bc3 46. b5 Ba5 47. Rf7 Rh1+ 48. Kc2 h4 49. Rxf5 h3 0-1

[Event "Steyr Landesliga 1516"]
[Site "Austria"]
[Date "2016.04.02"]
[Round "9.5"]
[White "Wurm, Christoph"]
[Black "Schmid, David"]
[Result "1-0"]
[WhiteElo "2077"]
[BlackElo "1916"]
[PlyCount "103"]
[EventDate "2015.09.26"]
[EventType "team-tourn"]
[EventRounds "11"]
[EventCountry "AUT"]
[SourceTitle "EXT 2017"]
[Source "ChessBase"]
[SourceDate "2016.10.25"]
[SourceVersion "1"]
[SourceVersionDate "2016.10.25"]
[SourceQuality "1"]
[WhiteTeam "Leoben"]
[BlackTeam "Spg ISR"]
[WhiteTeamCountry "AUT"]
[BlackTeamCountry "AUT"]

1. e4 e6 2. d4 d5 3. e5 c5 4. Qg4 Nc6 5. Nf3 cxd4 6. Bd3 Nge7 7. 0-0 Ng6 8. Re1 Qc7 9. Qg3 f5 10. a3 a5 11. h4 Bc5 12. b3 Nf8 13. Bb2 h6 14. c3 dxc3 15. Nxc3 g5 16. Nb5 Qg7 17. Rac1 Ba7 18. Nd6+ Kd7 19. Bxf5 Rg8 20. Rcd1 Ne7 21. h5 g4 22. Nd4 Qg5 23. Bd3 Nc6 24. Bb5 Bxd4 25. Bxd4 Qxh5 26. Rc1 Ng6 27. Qc3 Nge7 28. Bc5 Rb8 29. Bb6 Qg6 30. Re3 h5 31. Rd1 h4 32. Ne4 Nf5 33. Nf6+ Ke7 34. Nxg8+ Qxg8 35. Qc5+ Kf7 36. Bc7 Ra8 37. Re2 Bd7 38. Qb6 g3 39. f3 h3 40. gxh3 Qh7 41. Bd8 Rxd8 42. Bxc6 Rh8 43. Bxd7 Qg6 44. Bxe6+ Qxe6 45. Qxe6+ Kxe6 46. Kg2 Rc8 47. Rd3 b5 48. f4 a4 49. bxa4 bxa4 50. Rb2 Rc4 51. Kf3 Rc1 52. Kg4 1-0

[Event "Steyr Landesliga 1516"]
[Site "Austria"]
[Date "2015.11.28"]
[Round "5.5"]
[White "Schmid, David"]
[Black "Brandstetter, Dieter"]
[Result "1/2-1/2"]
[WhiteElo "1916"]
[BlackElo "2039"]
[PlyCount "96"]
[EventDate "2015.09.26"]
[EventType "team-tourn"]
[EventRounds "11"]
[EventCountry "AUT"]
[SourceTitle "CBM 170 Extra"]
[Source "ChessBase"]
[SourceDate "2016.02.25"]
[SourceVersion "1"]
[SourceVersionDate "2016.02.25"]
[SourceQuality "1"]
[WhiteTeam "Spg ISR"]
[BlackTeam "Graz Schachfreunde"]
[WhiteTeamCountry "AUT"]
[BlackTeamCountry "AUT"]

1. Nf3 d5 2. c4 c6 3. b3 Nf6 4. Bb2 Bf5 5. g3 e6 6. Bg2 Nbd7 7. 0-0 Bd6 8. d3 Qc7 9. Nbd2 0-0 10. Rc1 Bg4 11. Rc2 Rfe8 12. Qa1 Qd8 13. e4 dxe4 14. Nxe4 Nxe4 15. dxe4 e5 16. h3 Bh5 17. g4 Bg6 18. Rd1 Qc7 19. Rcd2 Re6 20. Nh4 Nf8 21. Nf5 Bb4 22. Bc3 Be7 23. Qb2 f6 24. b4 Bxf5 25. exf5 Rd6 26. Rxd6 Bxd6 27. a3 g6 28. Be4 Kg7 29. g5 gxf5 30. Bxf5 Rd8 31. gxf6+ Kxf6 32. Bg4 Ng6 33. Qc2 Qf7 34. c5 Bc7 35. Rxd8 Bxd8 36. Qf5+ Kg7 37. Bxe5+ Nxe5 38. Qxe5+ Qf6 39. Qxf6+ Bxf6 40. Bc8 Bb2 41. a4 Ba3 42. b5 cxb5 43. axb5 Bxc5 44. Bxb7 Kf6 45. Kg2 Kg5 46. Kg3 Bd6+ 47. Kf3 Bc5 48. Kg3 Bd6+ 1/2-1/2

[Event "Steyr Landesliga 1516"]
[Site "Austria"]
[Date "2015.10.10"]
[Round "2.5"]
[White "Stradner, Stefan"]
[Black "Schmid, David"]
[Result "1-0"]
[WhiteElo "2173"]
[BlackElo "1916"]
[PlyCount "51"]
[EventDate "2015.09.26"]
[EventType "team-tourn"]
[EventRounds "11"]
[EventCountry "AUT"]
[SourceTitle "EXT 2017"]
[Source "ChessBase"]
[SourceDate "2016.10.25"]
[SourceVersion "1"]
[SourceVersionDate "2016.10.25"]
[SourceQuality "1"]
[WhiteTeam "Fuerstenfeld/Hartberg"]
[BlackTeam "Spg ISR"]
[WhiteTeamCountry "AUT"]
[BlackTeamCountry "AUT"]

1. Nf3 c5 2. b3 Nf6 3. g3 d5 4. c4 e6 5. Bg2 Be7 6. 0-0 0-0 7. e3 Nc6 8. Bb2 Qc7 9. Qe2 b6 10. Rd1 Bb7 11. Nc3 a6 12. cxd5 exd5 13. d4 Rfd8 14. Rac1 cxd4 15. Nxd4 Nxd4 16. Rxd4 Bc5 17. Na4 Qe7 18. Rf4 Nd7 19. Nxc5 Nxc5 20. Rd4 Rac8 21. Rcd1 Ne6 22. R4d2 Nc7 23. Qh5 Qd6 24. Rd4 Qg6 25. Qe2 h6 26. Rg4 1-0